Personal adjustment, marriage, and family living / (Record no. 58169)
[ view plain ]
| 000 -LEADER | |
|---|---|
| fixed length control field | 00829nam a2200277 a 4500 |
| 001 - CONTROL NUMBER | |
| control field | 58169 |
| 003 - CONTROL NUMBER IDENTIFIER | |
| rucl marc code | BD-RjUL |
| 005 - DATE AND TIME OF LATEST TRANSACTION | |
| control field | 20211209080607.0 |
| 008 - FIXED-LENGTH DATA ELEMENTS--GENERAL INFORMATION | |
| fixed length control field | 161217r19611950nju 001 0 eng |
| 035 ## - SYSTEM CONTROL NUMBER | |
| System control number | (BD-RjUL)58293 |
| System control number | (OCoLC)260053 |
| 040 ## - CATALOGING SOURCE | |
| Original cataloging agency | DLC |
| Transcribing agency | ODaWU |
| Modifying agency | OCoLC |
| -- | BD-RjUL |
| Language of cataloging | eng |
| 041 ## - LANGUAGE CODE | |
| Language code of text/sound track or separate title | eng |
| 082 ## - DEWEY DECIMAL CLASSIFICATION NUMBER | |
| Edition number | 23 |
| Classification number | 306.8 |
| Author mark and year | LAP 1961 |
| 100 1# - MAIN ENTRY--PERSONAL NAME | |
| Personal name | Landis, Judson T. |
| 9 (RLIN) | 172786 |
| 245 10 - TITLE STATEMENT | |
| Title | Personal adjustment, marriage, and family living / |
| Remainder of title | Judson J. Landis and Mary G Landis. |
| 250 ## - EDITION STATEMENT | |
| Edition statement | 3d ed. |
| 260 ## - PUBLICATION, DISTRIBUTION, ETC. (IMPRINT) | |
| Place of publication, distribution, etc. | N. J. : |
| Name of publisher, distributor, etc. | Prentice-hall, inc., |
| Date of publication, distribution, etc. | 1960 [printing1961] |
| 300 ## - PHYSICAL DESCRIPTION | |
| Pagination | 384 p. : |
| Illustrations | ill. ; |
| Size | 25 cm. |
| 500 ## - GENERAL NOTE | |
| General note | Includes index |
| 650 #0 - SUBJECT ADDED ENTRY--TOPICAL TERM | |
| Topical term or geographic name as entry element | Marriage. |
| 9 (RLIN) | 170549 |
| Topical term or geographic name as entry element | Families. |
| 9 (RLIN) | 170535 |
| 700 1# - ADDED ENTRY--PERSONAL NAME | |
| Personal name | Landis, Mary G., |
| Relator term | joint author. |
| 942 ## - ADDED ENTRY ELEMENTS (KOHA) | |
| Source of classification or shelving scheme | Dewey Decimal Classification |
| Koha item type | Books |
| Lost status | Source of classification or shelving scheme | Damaged status | Not for loan | Collection code | Permanent Location | Current Location | Shelving location | Date acquired | Source of acquisition | Cost, normal purchase price | Total Checkouts | Full call number | Date last seen | Copy number | Koha item type |
|---|---|---|---|---|---|---|---|---|---|---|---|---|---|---|---|
| Dewey Decimal Classification | Not For Loan | Non-fiction | Central Library, University of Rajshahi | Central Library, University of Rajshahi | Reading Room | 17/12/1964 | peoples publishing house | 33.00 | 306.8 LAP 1961 | 17/12/2016 | C-1 | Books |